| 000 | 01016nam a2200277 a 4500 | ||
|---|---|---|---|
| 008 | 951214s1988||||[C 0 slo c | ||
| 020 |
_c180 Kčs. _q(3300 výtl.) |
||
| 040 |
_aSNK _bslo _cSNK _eAACR2 |
||
| 041 | 1 |
_aslo _hcze |
|
| 044 |
_axo _cSK |
||
| 080 | _a75(4)+75(437.1)"13/17":069.51(437.10)(084.12) | ||
| 080 | _a75(437.1)"13/17" | ||
| 080 | _a069.51(437.10)(084.12) | ||
| 080 | _a069.51(437.10) | ||
| 100 | 1 |
_aKotalík, Jiří _4aut |
|
| 245 | 1 | 0 |
_aNárodná galéria v Prahe. 1. diel _bZbierka starého európskeho umenia. Zbierka starého českého umenia _cJiří Kotalík ; Božena Grečnerová, Jiří Kotalík, Jiří Rathouský, Vladimír Fyman |
| 250 | _a1., vyd. | ||
| 260 |
_aBratislava _bTatran _c1988 _ePraha _fSvoboda |
||
| 300 |
_a335 s., 48,82 AH _c31 cm |
||
| 500 | _aSpoluvyd. Odeon, Praha. Zozn. reprod. diel. | ||
| 700 | 1 |
_aGrečnerová, Božena _4trl |
|
| 700 | 1 |
_aKotalík, Jiří _4[ADC] |
|
| 700 | 1 |
_aRathouský, Jiří _4bkd |
|
| 700 | 1 |
_aFyman, Vladimír _4bkd |
|
| 958 | _aA | ||
| 999 |
_c14999 _d14999 |
||